<?xml version="1.0" encoding="UTF-8"?>
<record
    xmlns:xsi="http://www.w3.org/2001/XMLSchema-instance"
    xsi:schemaLocation="http://www.loc.gov/MARC21/slim http://www.loc.gov/standards/marcxml/schema/MARC21slim.xsd"
    xmlns="http://www.loc.gov/MARC21/slim">

  <leader>01520cam a2200301 i 4500</leader>
  <controlfield tag="003">IMU CC</controlfield>
  <controlfield tag="005">20260409163059.0</controlfield>
  <controlfield tag="008">150227s2015    enk      b    001 0 eng  </controlfield>
  <datafield tag="020" ind1=" " ind2=" ">
    <subfield code="a">9781119065999</subfield>
  </datafield>
  <datafield tag="040" ind1=" " ind2=" ">
    <subfield code="a">IMU CC</subfield>
    <subfield code="b">eng</subfield>
    <subfield code="e">rda</subfield>
  </datafield>
  <datafield tag="041" ind1="0" ind2=" ">
    <subfield code="a">eng</subfield>
  </datafield>
  <datafield tag="082" ind1="0" ind2="0">
    <subfield code="2">23</subfield>
    <subfield code="a">629.134</subfield>
    <subfield code="b">THE</subfield>
  </datafield>
  <datafield tag="100" ind1="1" ind2=" ">
    <subfield code="a"> </subfield>
  </datafield>
  <datafield tag="110" ind1=" " ind2=" ">
    <subfield code="a">Rolls-Royce plc,</subfield>
    <subfield code="e">author,</subfield>
    <subfield code="e">issuing body.</subfield>
    <subfield code="9">4218</subfield>
  </datafield>
  <datafield tag="245" ind1="1" ind2="4">
    <subfield code="a">The jet engine /</subfield>
  </datafield>
  <datafield tag="260" ind1=" " ind2=" ">
    <subfield code="a">London:</subfield>
    <subfield code="b">Wiley,</subfield>
    <subfield code="c">2015.</subfield>
  </datafield>
  <datafield tag="300" ind1=" " ind2=" ">
    <subfield code="a">288 p.;</subfield>
    <subfield code="c">29 cm</subfield>
  </datafield>
  <datafield tag="336" ind1=" " ind2=" ">
    <subfield code="a">text</subfield>
    <subfield code="b">txt</subfield>
    <subfield code="2">rdacontent</subfield>
  </datafield>
  <datafield tag="504" ind1=" " ind2=" ">
    <subfield code="a">Includes bibliographical references (page 288) and index.</subfield>
  </datafield>
  <datafield tag="520" ind1=" " ind2=" ">
    <subfield code="a">"The Jet Engine provides a complete, accessibledescription of the working and underlying principles of the gasturbine.  Accessible, non-technical approach explaining the workings of jet engines, for readers of all levels.  Full colour diagrams, cutaways and photographs throughout, written by RR specialists in all the respective fields, hugely popular and well-reviewed book, originally published in 2005 under Rolls Royce's own imprint"--</subfield>
  </datafield>
  <datafield tag="520" ind1=" " ind2=" ">
    <subfield code="a">"The Jet Engine provides a complete, accessible description of the working and underlying principles of the gas turbine. Written by Rolls-Royce gas turbine engineers, it contains a wealth of detail and high-quality illustrations"--</subfield>
  </datafield>
  <datafield tag="650" ind1=" " ind2="0">
    <subfield code="a">Airplanes</subfield>
    <subfield code="x">Turbojet engines.</subfield>
    <subfield code="9">3602</subfield>
  </datafield>
  <datafield tag="650" ind1=" " ind2="0">
    <subfield code="a">Airplanes</subfield>
    <subfield code="x">Jet propulsion.</subfield>
    <subfield code="9">4219</subfield>
  </datafield>
  <datafield tag="650" ind1=" " ind2="0">
    <subfield code="a">Aircraft gas-turbines.</subfield>
    <subfield code="9">4220</subfield>
  </datafield>
  <datafield tag="650" ind1=" " ind2="0">
    <subfield code="a">Aeronautics &amp; Astronautics.</subfield>
    <subfield code="2">bisacsh</subfield>
    <subfield code="9">4221</subfield>
  </datafield>
  <datafield tag="856" ind1=" " ind2=" ">
    <subfield code="y">BK</subfield>
  </datafield>
  <datafield tag="942" ind1=" " ind2=" ">
    <subfield code="c">BK</subfield>
    <subfield code="2">ddc</subfield>
  </datafield>
  <datafield tag="999" ind1=" " ind2=" ">
    <subfield code="c">10340</subfield>
    <subfield code="d">10340</subfield>
  </datafield>
  <datafield tag="952" ind1=" " ind2=" ">
    <subfield code="0">0</subfield>
    <subfield code="1">0</subfield>
    <subfield code="2">ddc</subfield>
    <subfield code="4">0</subfield>
    <subfield code="7">0</subfield>
    <subfield code="a">IMUS</subfield>
    <subfield code="b">IMUS</subfield>
    <subfield code="c">GEN</subfield>
    <subfield code="d">2025-11-04</subfield>
    <subfield code="e">M/s. T V Enterprises; 414/25-26 Dt.13.10.2025</subfield>
    <subfield code="g">7113.00</subfield>
    <subfield code="l">0</subfield>
    <subfield code="o">629.134 THE</subfield>
    <subfield code="p">24089</subfield>
    <subfield code="r">2025-11-04 15:04:00</subfield>
    <subfield code="w">2025-11-04</subfield>
    <subfield code="y">RT</subfield>
  </datafield>
  <datafield tag="952" ind1=" " ind2=" ">
    <subfield code="0">0</subfield>
    <subfield code="1">0</subfield>
    <subfield code="2">ddc</subfield>
    <subfield code="4">0</subfield>
    <subfield code="7">0</subfield>
    <subfield code="a">IMUS</subfield>
    <subfield code="b">IMUS</subfield>
    <subfield code="c">GEN</subfield>
    <subfield code="d">2025-11-04</subfield>
    <subfield code="e">M/s. T V Enterprises; 414/25-26 Dt.13.10.2025</subfield>
    <subfield code="g">7113.00</subfield>
    <subfield code="l">0</subfield>
    <subfield code="o">629.134 THE</subfield>
    <subfield code="p">24090</subfield>
    <subfield code="r">2025-11-04 15:04:00</subfield>
    <subfield code="w">2025-11-04</subfield>
    <subfield code="y">RT</subfield>
  </datafield>
  <datafield tag="952" ind1=" " ind2=" ">
    <subfield code="0">0</subfield>
    <subfield code="1">0</subfield>
    <subfield code="2">ddc</subfield>
    <subfield code="4">0</subfield>
    <subfield code="7">0</subfield>
    <subfield code="a">IMUS</subfield>
    <subfield code="b">IMUS</subfield>
    <subfield code="c">GEN</subfield>
    <subfield code="d">2025-11-04</subfield>
    <subfield code="e">M/s. T V Enterprises; 414/25-26 Dt.13.10.2025</subfield>
    <subfield code="g">7113.00</subfield>
    <subfield code="l">0</subfield>
    <subfield code="o">629.134 THE</subfield>
    <subfield code="p">24091</subfield>
    <subfield code="r">2025-11-04 15:04:00</subfield>
    <subfield code="w">2025-11-04</subfield>
    <subfield code="y">RT</subfield>
  </datafield>
  <datafield tag="952" ind1=" " ind2=" ">
    <subfield code="0">0</subfield>
    <subfield code="1">0</subfield>
    <subfield code="2">ddc</subfield>
    <subfield code="4">0</subfield>
    <subfield code="7">0</subfield>
    <subfield code="a">IMUS</subfield>
    <subfield code="b">IMUS</subfield>
    <subfield code="c">GEN</subfield>
    <subfield code="d">2025-11-04</subfield>
    <subfield code="e">M/s. T V Enterprises; 414/25-26 Dt.13.10.2025</subfield>
    <subfield code="g">7113.00</subfield>
    <subfield code="l">0</subfield>
    <subfield code="o">629.134 THE</subfield>
    <subfield code="p">24092</subfield>
    <subfield code="r">2025-11-04 15:04:00</subfield>
    <subfield code="w">2025-11-04</subfield>
    <subfield code="y">RT</subfield>
  </datafield>
  <datafield tag="952" ind1=" " ind2=" ">
    <subfield code="0">0</subfield>
    <subfield code="1">0</subfield>
    <subfield code="2">ddc</subfield>
    <subfield code="4">0</subfield>
    <subfield code="7">0</subfield>
    <subfield code="a">IMUS</subfield>
    <subfield code="b">IMUS</subfield>
    <subfield code="c">GEN</subfield>
    <subfield code="d">2025-11-04</subfield>
    <subfield code="e">M/s. T V Enterprises; 414/25-26 Dt.13.10.2025</subfield>
    <subfield code="g">7113.00</subfield>
    <subfield code="l">0</subfield>
    <subfield code="o">629.134 THE</subfield>
    <subfield code="p">24093</subfield>
    <subfield code="r">2025-11-04 15:04:00</subfield>
    <subfield code="w">2025-11-04</subfield>
    <subfield code="y">RT</subfield>
  </datafield>
  <datafield tag="952" ind1=" " ind2=" ">
    <subfield code="0">0</subfield>
    <subfield code="1">0</subfield>
    <subfield code="2">ddc</subfield>
    <subfield code="4">0</subfield>
    <subfield code="7">0</subfield>
    <subfield code="a">IMUS</subfield>
    <subfield code="b">IMUS</subfield>
    <subfield code="c">GEN</subfield>
    <subfield code="d">2025-11-04</subfield>
    <subfield code="e">M/s. T V Enterprises; 414/25-26 Dt.13.10.2025</subfield>
    <subfield code="g">7113.00</subfield>
    <subfield code="l">0</subfield>
    <subfield code="o">629.134 THE</subfield>
    <subfield code="p">24094</subfield>
    <subfield code="r">2025-11-04 15:04:00</subfield>
    <subfield code="w">2025-11-04</subfield>
    <subfield code="y">RT</subfield>
  </datafield>
  <datafield tag="952" ind1=" " ind2=" ">
    <subfield code="0">0</subfield>
    <subfield code="1">0</subfield>
    <subfield code="2">ddc</subfield>
    <subfield code="4">0</subfield>
    <subfield code="7">0</subfield>
    <subfield code="a">IMUS</subfield>
    <subfield code="b">IMUS</subfield>
    <subfield code="c">GEN</subfield>
    <subfield code="d">2025-11-04</subfield>
    <subfield code="e">M/s. T V Enterprises; 414/25-26 Dt.13.10.2025</subfield>
    <subfield code="g">7113.00</subfield>
    <subfield code="l">0</subfield>
    <subfield code="o">629.134 THE</subfield>
    <subfield code="p">24095</subfield>
    <subfield code="r">2025-11-04 15:04:00</subfield>
    <subfield code="w">2025-11-04</subfield>
    <subfield code="y">RT</subfield>
  </datafield>
  <datafield tag="952" ind1=" " ind2=" ">
    <subfield code="0">0</subfield>
    <subfield code="1">0</subfield>
    <subfield code="2">ddc</subfield>
    <subfield code="4">0</subfield>
    <subfield code="7">0</subfield>
    <subfield code="a">IMUS</subfield>
    <subfield code="b">IMUS</subfield>
    <subfield code="c">GEN</subfield>
    <subfield code="d">2025-11-04</subfield>
    <subfield code="e">M/s. T V Enterprises; 414/25-26 Dt.13.10.2025</subfield>
    <subfield code="g">7113.00</subfield>
    <subfield code="l">0</subfield>
    <subfield code="o">629.134 THE</subfield>
    <subfield code="p">24096</subfield>
    <subfield code="r">2025-11-04 15:04:00</subfield>
    <subfield code="w">2025-11-04</subfield>
    <subfield code="y">RT</subfield>
  </datafield>
  <datafield tag="952" ind1=" " ind2=" ">
    <subfield code="0">0</subfield>
    <subfield code="1">0</subfield>
    <subfield code="2">ddc</subfield>
    <subfield code="4">0</subfield>
    <subfield code="7">0</subfield>
    <subfield code="a">IMUS</subfield>
    <subfield code="b">IMUS</subfield>
    <subfield code="c">GEN</subfield>
    <subfield code="d">2025-11-04</subfield>
    <subfield code="e">M/s. T V Enterprises; 414/25-26 Dt.13.10.2025</subfield>
    <subfield code="g">7113.00</subfield>
    <subfield code="l">0</subfield>
    <subfield code="o">629.134 THE</subfield>
    <subfield code="p">24097</subfield>
    <subfield code="r">2025-11-04 15:04:00</subfield>
    <subfield code="w">2025-11-04</subfield>
    <subfield code="y">RT</subfield>
  </datafield>
  <datafield tag="952" ind1=" " ind2=" ">
    <subfield code="0">0</subfield>
    <subfield code="1">0</subfield>
    <subfield code="2">ddc</subfield>
    <subfield code="4">0</subfield>
    <subfield code="7">0</subfield>
    <subfield code="a">IMUS</subfield>
    <subfield code="b">IMUS</subfield>
    <subfield code="c">GEN</subfield>
    <subfield code="d">2025-11-04</subfield>
    <subfield code="e">M/s. T V Enterprises; 414/25-26 Dt.13.10.2025</subfield>
    <subfield code="g">7113.00</subfield>
    <subfield code="l">0</subfield>
    <subfield code="o">629.134 THE</subfield>
    <subfield code="p">24098</subfield>
    <subfield code="r">2025-11-04 15:04:00</subfield>
    <subfield code="w">2025-11-04</subfield>
    <subfield code="y">RT</subfield>
  </datafield>
</record>
